Card International Journal of Management Studies, Business and Entreprenurship Research (Record no. 38111)

MARC details
000 -LEADER
fixed length control field 00517nam a2200169Ia 4500
022 ## - INTERNATIONAL STANDARD SERIAL NUMBER
ISSN 25455907
050 ## - CALL MARK
Classification number HD 70.B35 .C37/
245 #0 - TITLE STATEMENT
Title Card International Journal of Management Studies, Business and Entreprenurship Research
260 ## - PUBLICATION, DISTRIBUTION, ETC. (IMPRINT)
Place of publication Lagos, Nigeria
260 ## - PUBLICATION, DISTRIBUTION, ETC. (IMPRINT)
Name of publisher Centre for Advanced Research and Development
260 ## - PUBLICATION, DISTRIBUTION, ETC. (IMPRINT)
Year of publication 2021
300 ## - PHYSICAL DESCRIPTION
Number of Pages v, :ill. ; 28 cm.
650 ## - SUBJECT ADDED ENTRY--TOPICAL TERM
Topical Term Management--Bangladesh--Periodicals.
942 ## - ADDED ENTRY ELEMENTS (KOHA)
Koha item type Serials

No items available.